000 00409nam a2200157Ia 4500
005 20250228114455.0
008 231217s9999 xx 000 0 und d
020 _a9788175542792
082 _a793.73 RUS.4;1 R
100 _aRussell, Ken ed. Carter, Philip.
245 0 _aBook of IQ tests book 4
260 _c2004
_bKogan Page
_aNew Delhi
300 _a180
650 _aTimes,IQ,tests,4
942 _cAA
999 _c190624
_d190624